Status of multilateral Arms Regulation adn Disarmament Agreements

সংরক্ষণ করুন:
গ্রন্থ-পঞ্জীর বিবরন
সংস্থা লেখক: ONU
বিন্যাস: পাঠ‍্য
প্রকাশিত: Washigton D.C.: ONU
ট্যাগগুলো: ট্যাগ যুক্ত করুন
কোনো ট্যাগ নেই, প্রথমজন হিসাবে ট্যাগ করুন!

MARC

LEADER 00000 a a2200000 04500
001 23370
003
040
020 |a 92-1-142221-3  
090 |a 162600  
110 |a ONU  
245 |a Status of multilateral Arms Regulation adn Disarmament Agreements  
260 |a Washigton D.C.:   |b ONU  
300 |a 417 p.  
999 |c 12644  |d 12644